[Event "COL-ch U16 sf1 Girls"]
[Site "Ibague"]
[Date "2016.04.16"]
[Round "5.7"]
[White "Parada Beltran, Laura Valentina"]
[Black "Medina Ortega, Natalia"]
[Result "0-1"]
[WhiteElo "1441"]
[BlackElo "1360"]
[PlyCount "22"]
[EventDate "2016.04.14"]
[EventType "swiss"]
[EventRounds "6"]
[EventCountry "COL"]
[SourceTitle "EXT 2024"]
[Source "ChessBase"]
[SourceDate "2023.10.10"]
[SourceVersion "1"]
[SourceVersionDate "2023.10.10"]
[SourceQuality "1"]

1. e4 d6 2. d4 Nf6 3. Nc3 g6 4. Bg5 Bg7 5. Qd2 0-0 6. Bh6 c5 7. Bxg7 Kxg7 8. dxc5 dxc5 9. 0-0-0 Qa5 10. Nf3 Nc6 11. Bc4 a6 0-1

[Event "Cali Region-ch U16 Girls"]
[Site "Cali"]
[Date "2013.04.13"]
[Round "3.3"]
[White "Cayon, Laura Valentina"]
[Black "Medina Ortega, Natalia"]
[Result "1-0"]
[WhiteElo "1581"]
[BlackElo "1500"]
[PlyCount "29"]
[EventDate "2013.04.12"]
[EventType "swiss"]
[EventRounds "5"]
[EventCountry "COL"]
[SourceTitle "EXT 2024"]
[Source "ChessBase"]
[SourceDate "2023.10.10"]
[SourceVersion "1"]
[SourceVersionDate "2023.10.10"]
[SourceQuality "1"]

1. d4 e6 2. c4 d5 3. Nf3 dxc4 4. e4 Nf6 5. Nc3 Bb4 6. Qa4+ Nc6 7. Bg5 0-0 8. e5 Be7 9. exf6 Bxf6 10. Bxf6 Qxf6 11. Bxc4 Nxd4 12. Nxd4 Qxd4 13. 0-0 Bd7 14. Bb5 Qd6 15. Rad1 1-0